000
00183nam a2200085Ia 4500
008
120527s9999 xx 000 0 und d
100
_a
Kreitner, R.
245
_a
Management
942
_c
BK
999
_c
27089
_d
27089